• 首页
  • 本馆介绍
  • 公告通知
  • 最新文献
  • 馆藏检索
  • 电子资源
  • 读者导购
  • 参考咨询
  • 我的图书馆
  • 登录
  • 详细信息显示
  • 放入我的书架
  • 预约/预借图书
  • 作者相关作品
  • 分类相关作品
  • 丛书相关作品
  • 出版社相关作品

书目信息

  • 表格格式
  • 工作单格式
  • 卡片格式
题名:
梁启超
    
 
作者: 齐春风 著
分册:  
出版信息: 西安   陕西师范大学出版总社  2017
页数: 154页
开本: 24cm
丛书名: “大家精要”丛书
单 册:
中图分类: B259.15
科图分类:
主题词:
电子资源:
ISBN: 978-7-5613-9126-6
000 00914oam2 2200253 450
001 5336
005 20180528194922.86
010    @a978-7-5613-9126-6@dCNY20.00
100    @a20180217d2017 em y0chiy50 ea
101 0  @achi
102    @aCN@b610000
105    @ay z 000yd
200 1  @a梁启超@9liang qi chao@f齐春风著
210    @a西安@c陕西师范大学出版总社@d2017
215    @a154页@d24cm
225 1  @a“大家精要”丛书@i中国人物@i近现代
330    @a本书共分9章,介绍了思想家梁启超的生平、思想,内容包括梁启超的生平及其家庭、维新变法的主倡者、归国后的运动、梁启超的政治思想、梁启超的经济思想、梁启超的宪政思想、梁启超的史学思想和梁启超的佛学思想。
461  0 @12001 @a“大家精要”丛书
462  0 @12001 @a中国人物@a近现代
600  0 @a梁启超@f(1873-1929)@x人物研究
690    @aB259.15@v5
701  0 @a齐春风@9qi chun feng@f(1970~)@4著
801  0 @aCN@b91MARC@c20180217
905    @aMuseLib@dB259.15@e90
    
    梁启超/齐春风著.-西安:陕西师范大学出版总社,2017
    154页;24cm.-(“大家精要”丛书.中国人物.近现代)
    
    
    ISBN 978-7-5613-9126-6:CNY20.00
    本书共分9章,介绍了思想家梁启超的生平、思想,内容包括梁启超的生平及其家庭、维新变法的主倡者、归国后的运动、梁启超的政治思想、梁启超的经济思想、梁启超的宪政思想、梁启超的史学思想和梁启超的佛学思想。
●
相关链接 在E读中查询图书 在五车中查询图书 在当当中查询图书 在豆瓣中查询图书


正题名:梁启超     索取号:B259.15/90         预约/预借

序号 登录号 条形码 馆藏地/架位号 状态 备注
1 1112911   211129116   第一样本阅览室/ [索取号:B259.15/90] 在馆    
2 1112912   211129125   教育系资料室/ [索取号:B259.15/90] 在馆    
3 1112913   211129134   教育系资料室/ [索取号:B259.15/90] 在馆    
4 1112914   211129143   第一借阅区/ [索取号:B259.15/90] 在馆    
唐山师范学院图书馆 欢迎您!
大连网信软件有限公司© 版权所有